MARC details
| 000 -LEADER |
| campo de control de longitud fija |
02768cac a2200313 a 4500 |
| 003 - IDENTIFICADOR DE NÚMERO DE CONTROL |
| campo de control |
CO-PeBPM |
| 005 - FECHA Y HORA DE LA ÚLTIMA TRANSACCIÓN |
| campo de control |
20260413114226.0 |
| 007 - CAMPO FIJO DE DESCRIPCIÓN FÍSICA--INFORMACIÓN GENERAL |
| campo de control de longitud fija |
ta |
| 008 - DATOS DE LONGITUD FIJA--INFORMACIÓN GENERAL |
| campo de control de longitud fija |
240613s2021c]||ck o |||||||||||||| spand|| |
| 020 ## - NÚMERO INTERNACIONAL ESTÁNDAR DEL LIBRO |
| Número Internacional Estándar del Libro |
9789585500662 |
| 040 ## - FUENTE DE CATALOGACIÓN |
| Centro catalogador/agencia de origen |
CO-PeBPM |
| Lengua de catalogación |
spa |
| Centro/agencia transcriptor |
CO-PeBPM |
| Normas de descripción |
rda |
| 041 ## - CÓDIGO DE IDIOMA |
| Código de lengua del texto/banda sonora o título independiente |
spa |
| 082 04 - NÚMERO DE LA CLASIFICACIÓN DECIMAL DEWEY |
| Número de clasificación |
303.609 C397yo |
| Número de edición |
22 |
| 110 1# - ENTRADA PRINCIPAL--NOMBRE DE ENTIDAD CORPORATIVA |
| Nombre de entidad corporativa o nombre de jurisdicción como elemento de entrada |
Centro Nacional de Memoria Histórica |
| 245 10 - MENCIÓN DEL TÍTULO |
| Título |
Yolanda Cerón |
| Resto del título |
: La hermana del Pacífico. Una biografía ilustrada |
| Mención de responsabilidad, etc. |
/ Investigador Jairo Andrés Ortegón Suárez ; asistente de investigación María Alejandra Lozano Jaramillo ; ilustraciones Kevin Nieto Vallejo |
| 250 ## - MENCION DE EDICION |
| Mención de edición |
Primera edición |
| 264 ## - PRODUCCIÓN, PUBLICACIÓN, DISTRIBUCIÓN, FABRICACIÓN Y COPYRIGHT |
| Producción, publicación, distribución, fabricación y copyright |
Bogotá |
| Nombre del de productor, editor, distribuidor, fabricante |
: Centro Nacional de Memoria Histórica |
| Fecha de producción, publicación, distribución, fabricación o copyright |
, 2021 |
| 300 ## - DESCRIPCIÓN FÍSICA |
| Extensión |
247 Páginas |
| Dimensiones |
; 25 cm. |
| 490 ## - MENCIÓN DE SERIE |
| Mención de serie |
Colección reparaciones |
| 500 ## - NOTA GENERAL |
| Nota general |
Incluye índice, fuentes y bibliografías |
| 520 ## - RESUMEN, ETC. |
| Sumario, etc. |
A las 12:15 de la tarde del 19 de septiembre de 2001, la hermana Yolanda Cerón fue asesinada al frente de la Iglesia de La Merced, en Tumaco. Muchas personas que trabajaban con ella sabían que esto podría suceder. Incluso ella misma lo sabía. Su tenacidad e incansable lucha para lograr la titulación colectiva de tierras a favor de las comunidades negras del Pacífico nariñense, así como sus insistentes denuncias por las violaciones a los derechos humanos que se cometían en Tumaco, incomodaron a los sectores políticos, económicos y militares más extremistas y radicales de la región. Seis años después del asesinato –luego de postularse a los beneficios de la Ley de Justicia y Paz– Guillermo Pérez Alzate, quien era el comandante paramilitar del Bloque Libertadores del Sur de las AUC, confesó haber ordenado la muerte de la hermana Yolanda. En el momento de la confesión, Pérez Alzate dijo que había dado esa orden porque ella, supuestamente, era colaboradora de la guerrilla del ELN. Un señalamiento absurdo y mentiroso. Justamente, para honrar el buen nombre, la memoria y el legado de la religiosa nariñense, la Sala de Justicia y Paz del Tribunal Superior del Distrito Judicial de Bogotá ordenó al Centro Nacional de Memoria Histórica escribir y publicar su biografía. La historia de vida de una mujer que, aún veinte años después de su muerte, continúa siendo fuente de inspiración para su familia y para millones de negros y negras en Colombia. La biografía de Yolanda Cerón: la hermana del Pacífico... Tomado de la contracubierta del libro. |
| 650 17 - PUNTO DE ACCESO ADICIONAL DE MATERIA--TÉRMINO DE MATERIA |
| Término de materia o nombre geográfico como elemento de entrada |
Conflicto armado |
| Fuente del encabezamiento o término |
LEMB |
| 650 17 - PUNTO DE ACCESO ADICIONAL DE MATERIA--TÉRMINO DE MATERIA |
| Término de materia o nombre geográfico como elemento de entrada |
Biografías |
| Fuente del encabezamiento o término |
LEMB |
| 650 17 - PUNTO DE ACCESO ADICIONAL DE MATERIA--TÉRMINO DE MATERIA |
| Término de materia o nombre geográfico como elemento de entrada |
Memoria histórica |
| Fuente del encabezamiento o término |
LEMB |
| 650 ## - PUNTO DE ACCESO ADICIONAL DE MATERIA--TÉRMINO DE MATERIA |
| Término de materia o nombre geográfico como elemento de entrada |
Mujeres en Colombia |
| Fuente del encabezamiento o término |
LEMB |
| 700 1# - ENTRADA AGREGADA--NOMBRE PERSONAL |
| Nombre de persona |
Ortegón Suárez, Jairo Andrés |
| Término indicativo de función/relación |
Investigador |
| 700 1# - ENTRADA AGREGADA--NOMBRE PERSONAL |
| Nombre de persona |
larcón Correa, Felipe Ortegón |
| Término indicativo de función/relación |
Asistente de investigación |
| 942 ## - ELEMENTOS DE ENTRADA SECUNDARIOS (KOHA) |
| Fuente del sistema de clasificación o colocación |
Clasificación Decimal Dewey |
| Suprimir en OPAC |
No |
| Tipo de ítem Koha |
Libros |